000 00924nam a2200253Ia 4500
003 OSt
005 20221005113454.0
006 a|||||r|||| 00| 0
007 ta
008 221004b |||||||| |||| 00| 0 pan d
020 _cINR 300.00
024 _a66869
037 _bSP/5346, 15/02/2020, Star Publications Pvt. Ltd.
_cTextual
040 _aCRL
_cCRL
_bpan
041 _2pan
_apan
082 _aO168,3x, 153Q9
100 _aਦਿਲਬਰ, ਦੀਪ, ਥਦ.
245 0 _aਉਰਦੂ ਕਹਾਣੀ ਦੇ ਤਿੱਨ ਪੱਜਾਬੀ ਥੰਮ੍ਹ
260 _aਲੁਧਿਆਣਾ
_bਦਿਲਦੀਪ ਪ੍ਰਕਾFਲ ਭਾਰਤ
_c2019
300 _a447ਪ੍ਰ0
_ccm.
650 _aਉਰਦੂ ਸਾਹਿਤ
942 _hO168,3x, 153Q9
_cTEXL
_2cc
999 _c1028307
_d1028307